000
00247nam a2200097Ia 4500
001
788421
005
20250826170359.0
008
250824s9999 xx 000 0 und d
245
0
_a
SOLGUN DEMET
_c
HALİD ZİYA UŞAKLIGİL
260
_b
ÖZGÜR YAYINLARI
999
_c
788421
_d
788421